[Event "SB-2022-0-00638"]
[Site "LSS email"]
[Date "2022.09.01"]
[Round "?"]
[White "Weiss, Lester"]
[Black "Schilling, Hans"]
[Result "1-0"]
[WhiteElo "1914"]
[BlackElo "1905"]
[PlyCount "32"]
[EventDate "2022.05.13"]
[EventType "tourn (corr)"]
[EventRounds "6"]
[EventCountry "GER"]
[SourceTitle "Corr 2024"]
[Source "ChessBase"]
[SourceDate "2023.10.19"]
[SourceVersion "1"]
[SourceVersionDate "2023.10.19"]
[SourceQuality "1"]

1. e4 e5 2. Nf3 Nc6 3. Bb5 Nf6 4. d3 Bc5 5. c3 0-0 6. 0-0 d6 7. h3 Ne7 8. d4 Bb6 9. Re1 d5 10. Nxe5 Nxe4 11. Nd2 Nd6 12. Bf1 c6 13. Ndf3 Bc7 14. Bf4 Re8 15. Bh2 h6 16. Nd3 Bf5 1-0

[Event "SB-2022-0-00638"]
[Site "LSS email"]
[Date "2022.08.31"]
[Round "?"]
[White "Schilling, Hans"]
[Black "Chapman, Mark"]
[Result "0-1"]
[WhiteElo "1905"]
[BlackElo "1923"]
[PlyCount "23"]
[EventDate "2022.05.13"]
[EventType "tourn (corr)"]
[EventRounds "6"]
[EventCountry "GER"]
[SourceTitle "Corr 2024"]
[Source "ChessBase"]
[SourceDate "2023.10.19"]
[SourceVersion "1"]
[SourceVersionDate "2023.10.19"]
[SourceQuality "1"]

1. c4 e5 2. g3 Nf6 3. Bg2 d5 4. cxd5 Nxd5 5. Nf3 Nc6 6. Nc3 Nb6 7. 0-0 Be7 8. a3 0-0 9. b4 Be6 10. Rb1 f6 11. d3 a5 12. b5 0-1

[Event "GER-ch53 V08 email"]
[Site "GER email"]
[Date "2021.04.21"]
[Round "?"]
[White "Schilling, Hans"]
[Black "Hildebrand, Gerald"]
[Result "1/2-1/2"]
[WhiteElo "2025"]
[BlackElo "2124"]
[PlyCount "86"]
[EventDate "2021.04.21"]
[EventType "tourn (corr)"]
[EventRounds "10"]
[EventCountry "GER"]
[SourceTitle "Corr 2024"]
[Source "ChessBase"]
[SourceDate "2023.10.19"]
[SourceVersion "1"]
[SourceVersionDate "2023.10.19"]
[SourceQuality "1"]

1. c4 e5 2. g3 Nf6 3. Bg2 Bc5 4. Nc3 c6 5. e3 0-0 6. Nge2 d5 7. d4 exd4 8. exd4 Bb6 9. c5 Bc7 10. b4 Bf5 11. 0-0 Re8 12. Bf4 Nbd7 13. Bxc7 Qxc7 14. Qd2 Nf8 15. b5 Rad8 16. Nf4 Ne4 17. Qb2 Ne6 18. Nxe6 Rxe6 19. a4 Qe7 20. Nxe4 dxe4 21. a5 h5 22. a6 h4 23. Rfd1 bxa6 24. bxc6 Rxc6 25. Qe2 h3 26. Bf1 Rd5 27. Rxa6 Rc8 28. Qa2 Rcxc5 29. Rxa7 Qe6 30. Ra6 Rc6 31. Rxc6 Qxc6 32. Bc4 Rd7 33. d5 Qb6 34. Qa6 Qxa6 35. Bxa6 Ra7 36. Be2 Bd7 37. f3 e3 38. Kf1 g5 39. Rd3 Ra1+ 40. Rd1 Ra8 41. Rd3 Ra1+ 42. Rd1 Ra8 43. Rd3 Ra1+ 1/2-1/2

[Event "SC-2021-0-00402"]
[Site "LSS email"]
[Date "2021.03.21"]
[Round "?"]
[White "Knoeppel, Bjoern"]
[Black "Schilling, Hans"]
[Result "0-1"]
[WhiteElo "1763"]
[BlackElo "1752"]
[PlyCount "72"]
[EventDate "2020.11.22"]
[EventType "tourn (corr)"]
[EventRounds "6"]
[EventCountry "GER"]
[SourceTitle "Corr 2024"]
[Source "ChessBase"]
[SourceDate "2023.10.19"]
[SourceVersion "1"]
[SourceVersionDate "2023.10.19"]
[SourceQuality "1"]

1. d4 d5 2. c4 e6 3. Nf3 c5 4. cxd5 exd5 5. g3 Nc6 6. Bg2 Nf6 7. 0-0 Be7 8. dxc5 Bxc5 9. a3 0-0 10. b4 Be7 11. Bb2 Ne4 12. Nc3 Bf6 13. Rc1 Be6 14. Ba1 Nxc3 15. Bxc3 d4 16. Ba1 Qb6 17. Qa4 Rfd8 18. Rfd1 a6 19. Nd2 Bg4 20. Ne4 Bxe2 21. Nxf6+ gxf6 22. Rd2 d3 23. Bxf6 Nd4 24. Bxd4 Rxd4 25. Qb3 a5 26. b5 Re8 27. h3 h5 28. Qc3 h4 29. g4 Rf4 30. Qc5 Qf6 31. Bxb7 Re5 32. Qc6 Qg5 33. Qc3 Rxf2 34. Qd4 Rf4 35. Qc3 Rf3 36. Qd4 Rg3+ 0-1

[Event "LSS No Engine Cup 214 Preliminary 0"]
[Site "LSS email"]
[Date "2021.02.17"]
[Round "?"]
[White "Oliveira, Luiz"]
[Black "Schilling, Hans"]
[Result "1/2-1/2"]
[WhiteElo "1850"]
[BlackElo "1863"]
[PlyCount "122"]
[EventDate "2021.02.17"]
[EventType "tourn (corr)"]
[EventRounds "6"]
[EventCountry "GER"]
[SourceTitle "Corr 2024"]
[Source "ChessBase"]
[SourceDate "2023.10.19"]
[SourceVersion "1"]
[SourceVersionDate "2023.10.19"]
[SourceQuality "1"]

1. e4 c5 2. Nf3 d6 3. d4 cxd4 4. Nxd4 Nf6 5. Nc3 g6 6. Be3 Bg7 7. f3 Nc6 8. Qd2 0-0 9. 0-0-0 d5 10. exd5 Nxd5 11. Nxc6 bxc6 12. Bd4 Bxd4 13. Qxd4 Qb6 14. Na4 Qc7 15. Bc4 Nb6 16. Bb3 Nxa4 17. Qxa4 c5 18. Rhe1 e6 19. Qe4 Bb7 20. Qe5 Qxe5 21. Rxe5 Rfc8 22. Rd7 Bc6 23. Rd3 Bb5 24. c4 Be8 25. Bd1 Rc7 26. f4 Bd7 27. Bf3 Rb8 28. Kc2 f6 29. Re1 Kf7 30. Kc3 Ke7 31. g4 f5 32. gxf5 gxf5 33. Rg1 Kf6 34. Rg3 Be8 35. Rh3 Bg6 36. Bg2 Rg8 37. Rd6 Bf7 38. Bf3 Rg1 39. Rxh7 Rf1 40. Rd3 Re7 41. a3 Rc1+ 42. Kb3 a5 43. Rh6+ Kg7 44. Rh3 a4+ 45. Kxa4 Rxc4+ 46. Kb5 Rxf4 47. Kxc5 e5 48. Bd5 Bxd5 49. Rdg3+ Rg4 50. Kxd5 Rxg3 51. hxg3 Kf6 52. Rh1 Rd7+ 53. Kc5 Rd2 54. b4 Ra2 55. Rh6+ Kg5 56. Ra6 Kg4 57. b5 Kxg3 58. b6 f4 59. b7 Rc2+ 60. Kd5 Rb2 61. Kc6 Rxb7 1/2-1/2

[Event "LSS No Engine Cup 214 Preliminary 0"]
[Site "LSS email"]
[Date "2021.02.17"]
[Round "?"]
[White "Schilling, Hans"]
[Black "Hoehne, Volkmar"]
[Result "1/2-1/2"]
[WhiteElo "1863"]
[BlackElo "2135"]
[PlyCount "101"]
[EventDate "2021.02.17"]
[EventType "tourn (corr)"]
[EventRounds "6"]
[EventCountry "GER"]
[SourceTitle "Corr 2024"]
[Source "ChessBase"]
[SourceDate "2023.10.19"]
[SourceVersion "1"]
[SourceVersionDate "2023.10.19"]
[SourceQuality "1"]

1. Nf3 Nf6 2. c4 e6 3. g3 d5 4. Bg2 Be7 5. d4 0-0 6. 0-0 dxc4 7. Ne5 Nc6 8. Nxc6 bxc6 9. Na3 Bxa3 10. bxa3 Nd5 11. Qa4 Nb6 12. Qa5 Rb8 13. e3 Nd5 14. e4 Rb5 15. Qe1 Nb6 16. Qc3 e5 17. Be3 Be6 18. dxe5 Qe7 19. f4 Na4 20. Qc2 Qxa3 21. Qc1 Rb2 22. f5 Bc8 23. Bd4 c3 24. Rf3 Qb4 25. Bxc3 Nxc3 26. Qxc3 Qb6+ 27. Kh1 h6 28. a4 Rd8 29. a5 Qd4 30. Qxd4 Rxd4 31. Bf1 c5 32. Rf4 c4 33. Rc1 Rb4 34. g4 Bb7 35. Kg1 Kf8 36. h4 f6 37. e6 Ke7 38. Bg2 Rb5 39. Bf1 Bd5 40. g5 hxg5 41. hxg5 fxg5 42. Rg4 Bxe4 43. Bxc4 Rc5 44. Rxg5 Bxf5 45. Rxg7+ Kf6 46. Rf7+ Kg6 47. e7 Rcxc4 48. Rxc4 Rd1+ 49. Kf2 Kxf7 50. e8Q+ Kxe8 51. Rxc7 1/2-1/2

[Event "LSS No Engine Cup 214 Preliminary 0"]
[Site "LSS email"]
[Date "2021.02.17"]
[Round "?"]
[White "Schilling, Hans"]
[Black "Townsend, John"]
[Result "1-0"]
[WhiteElo "1863"]
[BlackElo "1804"]
[PlyCount "49"]
[EventDate "2021.02.17"]
[EventType "tourn (corr)"]
[EventRounds "6"]
[EventCountry "GER"]
[SourceTitle "Corr 2024"]
[Source "ChessBase"]
[SourceDate "2023.10.19"]
[SourceVersion "1"]
[SourceVersionDate "2023.10.19"]
[SourceQuality "1"]

1. Nf3 Nf6 2. c4 g6 3. b4 Bg7 4. Bb2 0-0 5. g3 d6 6. Bg2 e5 7. d3 e4 8. dxe4 Nxe4 9. Bxg7 Kxg7 10. Nbd2 Nxd2 11. Qxd2 Qf6 12. 0-0 Nc6 13. a4 Bg4 14. b5 Bxf3 15. Bxf3 Nd4 16. Bxb7 Rae8 17. Rae1 Re7 18. e3 Nb3 19. Qc2 Nc5 20. Bc6 h5 21. h4 g5 22. hxg5 Qxg5 23. Kg2 f5 24. Rh1 Rh8 25. Rh4 1-0

[Event "LSS No Engine Cup 210 Preliminary 0"]
[Site "LSS email"]
[Date "2020.11.23"]
[Round "?"]
[White "Pehl, Ferenc"]
[Black "Schilling, Hans"]
[Result "0-1"]
[WhiteElo "1150"]
[BlackElo "1600"]
[PlyCount "56"]
[EventDate "2020.11.23"]
[EventType "tourn (corr)"]
[EventRounds "6"]
[EventCountry "GER"]
[SourceTitle "Corr 2022"]
[Source "ChessBase"]
[SourceDate "2021.10.24"]
[SourceVersion "1"]
[SourceVersionDate "2021.10.24"]
[SourceQuality "1"]

1. e4 e5 2. Nf3 f5 3. Nxe5 Qf6 4. d4 d6 5. Nc4 fxe4 6. Nc3 Qg6 7. Ne3 Nf6 8. Bc4 c6 9. d5 Nbd7 10. 0-0 Ne5 11. Bb3 Be7 12. Ne2 Bd7 13. dxc6 bxc6 14. Kh1 Nh5 15. Qe1 d5 16. Bd2 0-0 17. Bc3 Bd6 18. Rd1 Kh8 19. Ng3 Nxg3+ 20. fxg3 Ng4 21. Qe2 Nxh2 22. Rxf8+ Rxf8 23. Bxd5 Qh6 24. Kg1 cxd5 25. Qe1 Bc5 26. Bd4 Bxd4 27. Rxd4 Be6 28. Qd2 Ng4 0-1

[Event "LSS No Engine Cup 210 Preliminary 0"]
[Site "LSS email"]
[Date "2020.11.23"]
[Round "?"]
[White "Shim Ng Min, Francis"]
[Black "Schilling, Hans"]
[Result "0-1"]
[WhiteElo "1537"]
[BlackElo "1600"]
[PlyCount "56"]
[EventDate "2020.11.23"]
[EventType "tourn (corr)"]
[EventRounds "6"]
[EventCountry "GER"]
[SourceTitle "Corr 2022"]
[Source "ChessBase"]
[SourceDate "2021.10.24"]
[SourceVersion "1"]
[SourceVersionDate "2021.10.24"]
[SourceQuality "1"]

1. e4 e5 2. Nf3 Nc6 3. d4 exd4 4. Bc4 Nf6 5. 0-0 Nxe4 6. Re1 d5 7. Bxd5 Qxd5 8. Nc3 Qh5 9. Nxe4 Be6 10. Neg5 0-0-0 11. Nxe6 fxe6 12. Rxe6 Bd6 13. h3 Rhe8 14. Rxe8 Rxe8 15. Bd2 Qf5 16. c3 Rf8 17. Qe1 Qd5 18. Nxd4 Nxd4 19. cxd4 Qxd4 20. b3 Qf6 21. Rc1 b6 22. f3 Qg6 23. Qe4 Bc5+ 24. Kh1 Qxe4 25. fxe4 Rf2 26. Bc3 Rxa2 27. Bxg7 Re2 28. e5 Bd4 0-1

[Event "LSS No Engine Cup 210 Preliminary 0"]
[Site "LSS email"]
[Date "2020.11.23"]
[Round "?"]
[White "Wilshusen, Horst"]
[Black "Schilling, Hans"]
[Result "0-1"]
[WhiteElo "1533"]
[BlackElo "1600"]
[PlyCount "50"]
[EventDate "2020.11.23"]
[EventType "tourn (corr)"]
[EventRounds "6"]
[EventCountry "GER"]
[SourceTitle "Corr 2022"]
[Source "ChessBase"]
[SourceDate "2021.10.24"]
[SourceVersion "1"]
[SourceVersionDate "2021.10.24"]
[SourceQuality "1"]

1. e4 e5 2. Nf3 Nf6 3. Nc3 Nc6 4. Bb5 Bc5 5. 0-0 0-0 6. Nxe5 Nxe5 7. d4 Bd6 8. f4 Neg4 9. e5 Bb4 10. exf6 Nxf6 11. Qf3 d5 12. f5 c6 13. Bd3 Re8 14. Bg5 Be7 15. Rae1 Bd7 16. g4 c5 17. Be3 cxd4 18. Bxd4 Bc6 19. g5 Ne4 20. h4 Bd6 21. f6 g6 22. Ne2 Nd2 23. Qg2 Nxf1 24. Kxf1 Qd7 25. h5 Bb5 0-1

[Event "LSS No Engine Cup 208 Preliminary 0"]
[Site "LSS email"]
[Date "2020.10.01"]
[Round "?"]
[White "Schilling, Hans"]
[Black "Piacentile, Carmine"]
[Result "1-0"]
[WhiteElo "1600"]
[BlackElo "1662"]
[PlyCount "45"]
[EventDate "2020.10.01"]
[EventType "tourn (corr)"]
[EventRounds "6"]
[EventCountry "GER"]
[SourceTitle "Corr 2022"]
[Source "ChessBase"]
[SourceDate "2021.10.24"]
[SourceVersion "1"]
[SourceVersionDate "2021.10.24"]
[SourceQuality "1"]

1. c4 e5 2. g3 Nf6 3. Bg2 Nc6 4. Nc3 d6 5. d3 Be7 6. e3 0-0 7. Nge2 Be6 8. Nd5 Na5 9. b4 c6 10. Nxe7+ Qxe7 11. bxa5 b6 12. 0-0 d5 13. Qa4 c5 14. Bb2 Bd7 15. Qa3 Qd6 16. d4 exd4 17. exd4 bxa5 18. dxc5 Qc6 19. Qc3 Be6 20. Nf4 Rfd8 21. cxd5 Bxd5 22. Nxd5 Nxd5 23. Qxg7# 1-0

[Event "LSS No Engine Cup 208 Preliminary 0"]
[Site "LSS email"]
[Date "2020.10.01"]
[Round "?"]
[White "Schilling, Hans"]
[Black "Wernitz, Helmut"]
[Result "1-0"]
[WhiteElo "1600"]
[BlackElo "1588"]
[PlyCount "89"]
[EventDate "2020.10.01"]
[EventType "tourn (corr)"]
[EventRounds "6"]
[EventCountry "GER"]
[SourceTitle "Corr 2022"]
[Source "ChessBase"]
[SourceDate "2021.10.24"]
[SourceVersion "1"]
[SourceVersionDate "2021.10.24"]
[SourceQuality "1"]

1. c4 Nf6 2. g3 e5 3. Bg2 d5 4. cxd5 Nxd5 5. Nc3 Nb6 6. Nf3 Nc6 7. 0-0 Be7 8. a3 0-0 9. d3 Be6 10. b4 a5 11. b5 Nd4 12. Rb1 Nd5 13. Nxd5 Nxf3+ 14. Bxf3 Bxd5 15. Bxd5 Qxd5 16. a4 Bc5 17. Qb3 Qxb3 18. Rxb3 Rad8 19. Ba3 Bxa3 20. Rxa3 Rfe8 21. Rc1 Rc8 22. Rac3 Re7 23. Rc5 b6 24. Rc6 f6 25. Rxb6 cxb6 26. Rxc8+ Kf7 27. e3 Rd7 28. Rc3 Ke6 29. Kf1 g5 30. g4 Rd6 31. Ke2 h6 32. Rc4 Kd5 33. Kf3 Re6 34. Rc7 Rd6 35. Ke2 Re6 36. f3 Kd6 37. Rc8 Kd7 38. Rh8 Kd6 39. Kd2 Kc5 40. Kc3 Kd5 41. Rxh6 f5 42. Rxe6 Kxe6 43. gxf5+ Kxf5 44. Kc4 Ke6 45. d4 1-0

[Event "LSS No Engine Cup 208 Preliminary 0"]
[Site "LSS email"]
[Date "2020.10.01"]
[Round "?"]
[White "Vicoli, Giordano"]
[Black "Schilling, Hans"]
[Result "1-0"]
[WhiteElo "1600"]
[BlackElo "1600"]
[PlyCount "67"]
[EventDate "2020.10.01"]
[EventType "tourn (corr)"]
[EventRounds "6"]
[EventCountry "GER"]
[SourceTitle "Corr 2022"]
[Source "ChessBase"]
[SourceDate "2021.10.24"]
[SourceVersion "1"]
[SourceVersionDate "2021.10.24"]
[SourceQuality "1"]

1. d4 d5 2. c4 c6 3. Nf3 Nf6 4. Nc3 dxc4 5. a4 Bf5 6. e3 e6 7. Bxc4 Bb4 8. 0-0 Nbd7 9. Qe2 Bg6 10. e4 0-0 11. Bd3 Bh5 12. e5 Nd5 13. Nxd5 cxd5 14. Qe3 Re8 15. Ng5 Bg6 16. Bxg6 fxg6 17. Qd3 Nf8 18. Be3 Qb6 19. Rfc1 Rac8 20. Nh3 a6 21. Nf4 Rc6 22. Rxc6 Qxc6 23. Qb3 Be7 24. Rc1 Qd7 25. Qc2 g5 26. Nd3 Rb8 27. b4 h6 28. h3 Kf7 29. g3 Ra8 30. Bd2 Bd8 31. Nc5 Qc6 32. Qd1 Qb6 33. h4 g6 34. hxg5 1-0

[Event "DSOL 04 Liga Gr-D 1st"]
[Site "Playchess.com INT"]
[Date "2020.07.24"]
[Round "5.4"]
[White "Schilling, Hans"]
[Black "Weissberger, Karl"]
[Result "1-0"]
[WhiteElo "1679"]
[BlackElo "1661"]
[PlyCount "93"]
[EventDate "2020.06.22"]
[EventType "team-tourn (rapid)"]
[EventCountry "GER"]
[SourceTitle "EXT 2021"]
[Source "ChessBase"]
[SourceDate "2020.10.23"]
[SourceVersion "1"]
[SourceVersionDate "2020.10.23"]
[SourceQuality "1"]
[WhiteTeam "Berlin Nord Ost"]
[BlackTeam "Merzhausen Schwarz Weiss"]
[WhiteTeamCountry "GER"]
[BlackTeamCountry "GER"]

1. c4 Nf6 2. g3 g6 3. Bg2 Bg7 4. Nc3 c6 5. Nf3 0-0 6. 0-0 d5 7. b3 d4 8. Na4 d3 9. exd3 Qxd3 10. Bb2 Bf5 11. Nd4 Bg4 12. Nc5 Qxd4 13. Bxd4 Bxd1 14. Raxd1 b6 15. Na4 Rc8 16. Rfe1 e6 17. Nc3 Nbd7 18. h3 Rab8 19. Ne2 c5 20. Be3 e5 21. f4 Re8 22. g4 Rbd8 23. Nc3 Nf8 24. f5 gxf5 25. gxf5 Nh5 26. Bf3 Nf4 27. Bxf4 exf4 28. Nd5 Be5 29. Re2 Nd7 30. Rde1 Kg7 31. Nxf4 Bd4+ 32. Kf1 Rxe2 33. Rxe2 Nf6 34. Re7 Rd7 35. Ne6+ Kg8 36. Rxd7 Nxd7 37. Nxd4 cxd4 38. d3 Kg7 39. b4 Kf6 40. Be4 Ke5 41. Ke2 f6 42. Kf3 a5 43. c5 bxc5 44. bxa5 Nb8 45. Bb7 Kxf5 46. a6 Nd7 47. Bc8 1-0

[Event "DSOL 04 Liga Gr-D 1st"]
[Site "Playchess.com INT"]
[Date "2020.06.26"]
[Round "1.4"]
[White "Barz, Henrik"]
[Black "Schilling, Hans"]
[Result "1-0"]
[WhiteElo "1391"]
[BlackElo "1679"]
[PlyCount "109"]
[EventDate "2020.06.22"]
[EventType "team-tourn (rapid)"]
[EventCountry "GER"]
[SourceTitle "EXT 2021"]
[Source "ChessBase"]
[SourceDate "2020.10.23"]
[SourceVersion "1"]
[SourceVersionDate "2020.10.23"]
[SourceQuality "1"]
[WhiteTeam "Eutin"]
[BlackTeam "Berlin Nord Ost"]
[WhiteTeamCountry "GER"]
[BlackTeamCountry "GER"]

1. e4 d5 2. exd5 Qxd5 3. Nc3 Qd6 4. d4 Nf6 5. Nf3 a6 6. Bd3 Bg4 7. Be3 e6 8. 0-0 Be7 9. Ne4 Nxe4 10. Bxe4 c6 11. Qd2 Nd7 12. c3 Nf6 13. Qc2 Nxe4 14. Qxe4 Bf5 15. Qe5 0-0 16. Bf4 Qd7 17. Rfe1 Rac8 18. Qe3 Bd6 19. Nh4 Bc2 20. Bxd6 Qxd6 21. Rac1 Qe7 22. Rxc2 Qxh4 23. Rce2 Rcd8 24. Qg3 Qxg3 25. hxg3 Rd5 26. Re5 Rfd8 27. f4 Kf8 28. Kf2 Rxe5 29. Rxe5 Rd6 30. Kf3 f6 31. Re3 Kf7 32. g4 Rd5 33. g3 a5 34. a3 b5 35. Ke4 g5 36. Kf3 h6 37. Re1 b4 38. axb4 axb4 39. Rh1 Kg7 40. Re1 bxc3 41. bxc3 Rd6 42. f5 Kf7 43. fxe6+ Rxe6 44. Rxe6 Kxe6 45. Ke4 h5 46. gxh5 f5+ 47. Kf3 Kf6 48. g4 f4 49. c4 Ke6 50. h6 Kf6 51. d5 cxd5 52. cxd5 Kf7 53. d6 Kf8 54. d7 Ke7 55. h7 1-0

[Event "GER-ch50 final email"]
[Site "GER email"]
[Date "2020.04.12"]
[Round "?"]
[White "Boos, Markus"]
[Black "Schilling, Hans"]
[Result "1/2-1/2"]
[WhiteElo "2429"]
[BlackElo "2197"]
[PlyCount "66"]
[EventDate "2020.??.??"]
[EventType "tourn (corr)"]
[EventRounds "14"]
[EventCountry "GER"]
[SourceTitle "Corr 2022"]
[Source "ChessBase"]
[SourceDate "2021.10.24"]
[SourceVersion "1"]
[SourceVersionDate "2021.10.24"]
[SourceQuality "1"]

1. d4 d5 2. c4 c6 3. Nf3 Nf6 4. e3 Bg4 5. Qb3 Qb6 6. Nc3 e6 7. Nh4 Qxb3 8. axb3 Na6 9. h3 Bh5 10. g4 Nb4 11. Kd1 Bg6 12. Nxg6 hxg6 13. g5 Nd7 14. h4 Be7 15. f4 f6 16. Bg2 Nd3 17. Ke2 Nxc1+ 18. Raxc1 Bd6 19. Bf3 Ke7 20. Rcg1 Rag8 21. Nd1 Rh7 22. Nf2 Nf8 23. h5 gxh5 24. gxf6+ Kxf6 25. Rxh5 Rxh5 26. Bxh5 Rh8 27. Rg5 g6 28. Bf3 Kf7 29. Rg3 Nd7 30. c5 Be7 31. b4 a6 32. Rg2 Bd8 33. Kd2 Nf6 1/2-1/2

[Event "GER-ch50 final email"]
[Site "GER email"]
[Date "2020.04.12"]
[Round "?"]
[White "Hanel, Roland"]
[Black "Schilling, Hans"]
[Result "1/2-1/2"]
[WhiteElo "2382"]
[BlackElo "2197"]
[PlyCount "73"]
[EventDate "2020.??.??"]
[EventType "tourn (corr)"]
[EventRounds "14"]
[EventCountry "GER"]
[SourceTitle "Corr 2022"]
[Source "ChessBase"]
[SourceDate "2021.10.24"]
[SourceVersion "1"]
[SourceVersionDate "2021.10.24"]
[SourceQuality "1"]

1. e4 e5 2. Nf3 Nc6 3. Bb5 a6 4. Ba4 Nf6 5. 0-0 Be7 6. Re1 b5 7. Bb3 d6 8. c3 0-0 9. h3 Nb8 10. d4 Nbd7 11. Nbd2 Bb7 12. Bc2 Re8 13. Nf1 Bf8 14. Ng3 g6 15. a4 Bg7 16. Bd3 exd4 17. cxd4 c5 18. axb5 axb5 19. Rxa8 Bxa8 20. dxc5 Nxc5 21. Bxb5 Rf8 22. e5 dxe5 23. Nxe5 Qd5 24. Qxd5 Nxd5 25. Nd7 Nxd7 26. Bxd7 h5 27. Bb5 Rb8 28. Re8+ Rxe8 29. Bxe8 Nb4 30. b3 Nd3 31. Be3 Bd5 32. Ba4 Bf8 33. Ne2 Nc5 34. Bxc5 Bxc5 35. Nf4 Be4 36. Bb5 h4 37. Nd3 1/2-1/2

[Event "GER-ch50 final email"]
[Site "GER email"]
[Date "2020.04.12"]
[Round "?"]
[White "Schilling, Hans"]
[Black "Hoeppenstein, Michael"]
[Result "1/2-1/2"]
[WhiteElo "2197"]
[BlackElo "2448"]
[PlyCount "80"]
[EventDate "2020.??.??"]
[EventType "tourn (corr)"]
[EventRounds "14"]
[EventCountry "GER"]
[SourceTitle "Corr 2022"]
[Source "ChessBase"]
[SourceDate "2021.10.24"]
[SourceVersion "1"]
[SourceVersionDate "2021.10.24"]
[SourceQuality "1"]

1. c4 e5 2. g3 Nf6 3. Bg2 Bc5 4. Nc3 c6 5. e3 Bb6 6. Nge2 d5 7. cxd5 cxd5 8. 0-0 Nc6 9. d4 e4 10. f3 exf3 11. Bxf3 Bc7 12. Bg2 0-0 13. Qb3 Ne7 14. Nf4 Bxf4 15. Rxf4 Rb8 16. Bd2 Be6 17. Raf1 b5 18. a3 a5 19. Qd1 Re8 20. b4 axb4 21. axb4 Kh8 22. Qe2 Ng6 23. R4f2 Ng4 24. Rf3 Nf6 25. R3f2 Kg8 26. Ra1 Ne7 27. Nxb5 Qd7 28. Nc3 Rxb4 29. Rxf6 gxf6 30. Ne4 dxe4 31. Bxb4 Nd5 32. Bd2 f5 33. Rf1 Ra8 34. Qh5 f6 35. g4 f4 36. Bxe4 fxe3 37. Bxe3 Nxe3 38. Bxa8 Nxf1 39. Kxf1 Bf7 40. Qf5 Qxd4 1/2-1/2

[Event "GER-ch50 final email"]
[Site "GER email"]
[Date "2020.04.12"]
[Round "?"]
[White "Schilling, Hans"]
[Black "Seelig, Juergen"]
[Result "1/2-1/2"]
[WhiteElo "2197"]
[BlackElo "2362"]
[PlyCount "77"]
[EventDate "2020.??.??"]
[EventType "tourn (corr)"]
[EventRounds "14"]
[EventCountry "GER"]
[SourceTitle "Corr 2022"]
[Source "ChessBase"]
[SourceDate "2021.10.24"]
[SourceVersion "1"]
[SourceVersionDate "2021.10.24"]
[SourceQuality "1"]

1. c4 Nf6 2. g3 g6 3. Bg2 Bg7 4. e4 d6 5. Ne2 0-0 6. 0-0 c5 7. d3 Nc6 8. Nbc3 a6 9. Rb1 Rb8 10. a3 b5 11. cxb5 axb5 12. b4 cxb4 13. axb4 e5 14. h3 Be6 15. f4 exf4 16. gxf4 Ne7 17. Be3 Qd7 18. Kh2 Nh5 19. Rc1 d5 20. Nd4 Rfd8 21. e5 Rdc8 22. Qf3 Bf8 23. Rfd1 Ng7 24. Bf2 Rd8 25. Nb3 Nef5 26. Nc5 Qe7 27. d4 Nh4 28. Qg3 Ngf5 29. Qd3 Bh6 30. Ne2 Kh8 31. Ra1 g5 32. fxg5 Bxg5 33. Rg1 Rg8 34. Kh1 Qf8 35. Bf3 Nxf3 36. Qxf3 Qh6 37. Kh2 Rbf8 38. Ra7 Rc8 39. Rg2 1/2-1/2

[Event "GER-ch50 V03 email"]
[Site "GER email"]
[Date "2018.05.15"]
[Round "?"]
[White "Bars, Joachim"]
[Black "Schilling, Hans"]
[Result "1/2-1/2"]
[WhiteElo "2377"]
[BlackElo "2153"]
[PlyCount "60"]
[EventDate "2018.??.??"]
[EventType "tourn (corr)"]
[EventRounds "10"]
[EventCountry "GER"]
[SourceTitle "Corr 2020"]
[Source "ChessBase"]
[SourceDate "2019.09.30"]
[SourceVersion "1"]
[SourceVersionDate "2019.09.30"]
[SourceQuality "1"]

1. d4 d5 2. c4 c6 3. Nf3 Nf6 4. Nc3 dxc4 5. a4 Bf5 6. Ne5 Nbd7 7. Nxc4 Nb6 8. Ne5 a5 9. f3 Nfd7 10. Nxd7 Nxd7 11. e4 Bg6 12. Be2 e6 13. 0-0 Bb4 14. Be3 Qe7 15. Qb3 Rb8 16. Rfd1 0-0 17. Na2 Bd6 18. Nc1 f6 19. Nd3 Rfe8 20. Rac1 Bf7 21. Nc5 Red8 22. g3 e5 23. Bc4 exd4 24. Nxd7 Qxd7 25. Rxd4 Bxc4 26. Qxc4+ Qf7 27. Qxf7+ Kxf7 28. Rcd1 Bc7 29. Rxd8 Rxd8 30. Rxd8 Bxd8 1/2-1/2

[Event "GER MS-259 email"]
[Site "GER email"]
[Date "2017.04.06"]
[Round "?"]
[White "Schilling, Hans"]
[Black "Milde, Lars"]
[Result "1-0"]
[WhiteElo "1905"]
[BlackElo "2133"]
[PlyCount "75"]
[EventDate "2017.04.11"]
[EventType "tourn (corr)"]
[EventRounds "6"]
[EventCountry "GER"]
[SourceTitle "Corr 2020"]
[Source "ChessBase"]
[SourceDate "2019.09.30"]
[SourceVersion "1"]
[SourceVersionDate "2019.09.30"]
[SourceQuality "1"]

1. e4 e5 2. Nf3 Nc6 3. Bb5 g6 4. c3 a6 5. Ba4 d6 6. d4 Bd7 7. 0-0 Bg7 8. Re1 Nge7 9. d5 Nb8 10. Bxd7+ Nxd7 11. Be3 h6 12. Nfd2 0-0 13. c4 f5 14. f3 f4 15. Bf2 g5 16. Nc3 Rf6 17. b4 Rg6 18. Qb3 Nf6 19. Rab1 g4 20. c5 Kh7 21. cxd6 cxd6 22. b5 a5 23. b6 gxf3 24. Nxf3 Ng4 25. Qb2 Rc8 26. Rec1 Nxf2 27. Qxf2 Qd7 28. a4 Rc5 29. Kh1 Qc8 30. Qd2 Qd8 31. Nb5 Qxb6 32. Nbd4 Qa7 33. Ne6 Rxc1+ 34. Qxc1 b6 35. Qg1 Qd7 36. Rxb6 Rf6 37. Qb1 Qxa4 38. Rxd6 1-0